000 00496nam a2200157 a 4500
001 000032829
005 20200930065847.0
008 110726s2012 dr 000 0 spa d
020 _a9789945164732
040 _aDO-SdBNP
_bspa
_cBNPHU
082 _axxxx
_bxxxx
245 0 0 _aCódigo de ética de la contraloría general de la República.
260 _aSanto Domingo, :
_bContraloria General de la República,
_c2012.
300 _a64 p. ;
_c26 cm.
500 _aIncluye notas al pie de las páginas
999 _c32320
_d32320